banner-ar

من سقراط الى سارتر : (Record no. 62625)

MARC details
000 -الفاتح
حقل البيانات ثابتة الطول 01226nam a22003137a 4500
005 - وقت وتاريخ اخر تعامل مع التسجيلة
رقم الضبط 20240530110559.0
008 - عناصر البيانات ثابتة الطول - معلومات عامة
حقل البيانات ثابتة الطول 160903s2012 ua g b 000 0dara d
017 ## - رقم الايداع القانونى
رقم الايداع القانونى 2011/22192
المصدر ( الهيئة المختصة) مصر . دار الكتب المصريه
020 ## - الرقم الدولى المعيارى للكتب
الرقم الدولى المعيارى للكتاب 9789777049108
040 ## - مصدر الفهرسة
وكالة الفهرسة الأصلية EG-CaGPL
082 04 - رقم تصنيف ديوى العشرى
رقم الطبعة 21
رقم التصنيف 190.21\
رقم المادة ل م
100 1# - المدخل الرئيسى - إسم شخصى
الإسم الشخصى لافين ، ت . ز .
245 10 - بيان العنوان
العنوان من سقراط الى سارتر :
بقية العنوان البحث الفلسفى /
بيان المسئوليه,etc تأليف ت . ز . لافين ؛ ترجمة اشرف محمد كيلانى ؛ مراجعة و تقديم سعيد توفيق .
250 ## - بيان الطبعة
بيان الطبعة ط1.
260 ## - PUBLICATION, DISTRIBUTION, ETC. (IMPRINT)
تاريخ النشر أو التوزيع 2012 .
300 ## - الوصف المادى
التعداد 490 ص ؛
تفاصيل ماديه اخرى للوعاء 24 سم .
490 0# - بيان السلسلة
عنوان السلسلة المشروع القومى للترجمة
رقم المجلد/ التعيين التسلسلي 2082
504 ## - تبصرة ببليوجرافية
تبصرة ببليوجرافية,الخ يشتمل على ارجاعات ببليوجرافية .
600 04 - المدخل الاضافى بالموضوع-اسم شخصى
الإسم الشخصى ديكارت
600 04 - المدخل الاضافى بالموضوع-اسم شخصى
الإسم الشخصى هيوم
600 04 - المدخل الاضافى بالموضوع-اسم شخصى
الإسم الشخصى هيجل
600 04 - المدخل الاضافى بالموضوع-اسم شخصى
الإسم الشخصى سارتر
600 04 - المدخل الاضافى بالموضوع-اسم شخصى
الإسم الشخصى ماركس
650 04 - المدخل الاضافى بالموضوع-مصطلح موضوعى
مصطلح موضوعي الفلسفه الوجوديه
700 0# - المدخل الاضافى - اسم شخصى
الإسم الشخصى اشرف محمد كيلانى
الدور مترجم .
700 0# - المدخل الاضافى - اسم شخصى
الإسم الشخصى سعيد توفيق
الدور مراجع و مقدم .
942 ## - عناصر المدخل الإضافي( كوها)
مصدر التصنيف او مخطط الترفيف Dewey Decimal Classification
Koha [default] item type كتاب
260 ## - PUBLICATION, DISTRIBUTION, ETC. (IMPRINT)
-- القاهره :
-- المركز القومى للترجمه ،
Holdings
حالة التراجع حالة الفقد حالة تلف ليس للاعارة المكان المؤقت الموقع الحالى تاريخ الاكتساب اجمالي اﻻعارات رقم الطلب الباركود تاريخ اخر مشاهدة تاريخ تفعيل السعر نوع وعاء كوها
        مكتبة القاهرة الكبرى مكتبة القاهرة الكبرى 09/03/2016   190.21\ ل م 162407 09/03/2016 09/03/2016 كتاب

Powered By

EGPV